书目信息 |
| 题名: |
厄瓜多尔简明通史
|
|
| 作者: | 雷耶斯 著 ;钟豫 著 | |
| 分册: | 第一卷 | |
| 出版信息: | 北京 商务印书馆 1973.08 |
|
| 页数: | 276页 | |
| 开本: | 20cm | |
| 丛书名: | ||
| 单 册: | ||
| 中图分类: | K776 | |
| 科图分类: | ||
| 主题词: | 南美洲--历史 | |
| 电子资源: | ||
| ISBN: | ||
| 000 | 00653nam0 2200229 45 | |
| 001 | 0212190972 | |
| 005 | 20031219104102.4 | |
| 010 | @dCNY1.60 | |
| 091 | @a11017.304 | |
| 100 | @a20021219d1973 km y0chiy0120 ea | |
| 101 | 0 | @achi |
| 105 | @a z 000yy | |
| 200 | 1 | @a厄瓜多尔简明通史@AE Gua Duo Er Jian Ming Tong Shi@h第一卷@h下册@f(尼)奥·埃·雷耶斯著@F(Ni)Ao·Ai·Lei Ye Si Zhu@g钟豫著 |
| 210 | @a北京@c商务印书馆@d1973.08 | |
| 215 | @a276页@d20cm | |
| 300 | @a内部读物 | |
| 606 | 0 | @a南美洲@x历史 |
| 690 | @aK776@v3 | |
| 701 | 0 | @a雷耶斯@4著 |
| 702 | 0 | @a钟豫@AZhong Yu@4著 |
| 801 | @aCN@bTSTC@c20021219 | |
| 905 | @dK776@e4:1(2)@f1@b219245 | |
| 厄瓜多尔简明通史.第一卷.下册/(尼)奥·埃·雷耶斯著/钟豫著.-北京:商务印书馆,1973.08 |
| 276页;20cm |
| 内部读物 |
| ISBN :CNY1.60 |
| ● |
| 相关链接 |
|
|
|
|
正题名:厄瓜多尔简明通史
索取号:K776/4:1(2)
 
预约/预借
| 序号 | 登录号 | 条形码 | 馆藏地/架位号 | 状态 | 备注 |
| 1 | 0219245 | 001738980 | 第二样本阅览室/ [索取号:K776/4:1(2)] | 在馆 |